000 00665cam a22002173a 4500
001 44622
003 PGUSA
005 20140828084023.0
008 140108s2014||||xxu|||||s|||||000 | eng d
040 _aPGUSA
_beng
042 _adc
100 1 _aBrown, Abbie Farwell,
_d1871-1927
245 1 0 _aIn The Days of Giants :
_bA Book of Norse Tales
_h[electronic resource] /
_cAbbie Farwell Brown
260 _bProject Gutenberg,
_c2014
506 _aPublic domain in the USA.
516 _aElectronic text
700 1 _aSmith, E. Boyd
_q(Elmer Boyd),
_d1860-1943
830 0 _aProject Gutenberg
_v44622
856 4 0 _uhttp://www.gutenberg.org/ebooks/44622
942 _cEB
999 _c273873
_d273873